Nirvana - Lounge act - Statistics

General Stats
  • This quiz has been taken 122 times
    121 since last reset
  • The average score is 177 of 237
Answer Stats
Answer % Correct
I
97%
I
97%
in
95%
security
95%
a
92%
covered
92%
Truth
92%
Truth
92%
you
92%
me
90%
And
89%
and
89%
go
89%
who
86%
could
85%
make
85%
make
85%
then
85%
want
85%
can't
84%
don't
84%
Don't
84%
don't
84%
it
84%
feel
82%
got
82%
I'll
82%
let
82%
more
82%
more
82%
my
82%
see
82%
this
82%
friend
81%
makes
81%
hear
79%
myself
79%
of
78%
smother
78%
than
78%
on
77%
to
77%
what
77%
steal
75%
we
75%
but
74%
tell
74%
arrest
73%
wanted
73%
her
73%
like
73%
smell
73%
Smell
73%
still
73%
wanted
73%
work
73%
turns
71%
out
71%
thing
71%
turns
71%
couldn't
70%
couldn't
70%
taking
70%
wear
70%
way
68%
way
68%
i've
67%
I've
67%
regret
67%
shield
67%
i'd
64%
I'd
64%
fear
63%
prove
63%
wanna
63%
never
60%
off
60%
off
60%
afraid
58%
jealousy
58%
trading
58%
trading
58%
fucking
56%
knowing
56%
fighting
55%
keep
55%
need
53%
it's
52%
gone
51%
Until
49%
experience
47%
from
45%
outta
45%
anything
42%
learn
41%
pact
40%
ever
37%
we'll
36%
deal
33%
they
29%
what's
29%
rules
23%
share
23%
new
21%
without
21%
their
18%
they'll
16%
grew
15%
lost
15%
we've
3%
No matching quizzes found
Score Distribution
Percent of People with Each Score
Percentile by Number Answered
Your Score History
You have not taken this quiz since the last reset